000 00332nam a2200121Ia 4500
008 240624s9999 xx 000 0 und d
041 _aeng
082 _a338.90954 ROY
100 _aROY SUBIR
245 _aMADE IN INDIA A STUDY OF EMERGING COMPET
260 _c2005
_aNew Delhi
_bTata McGrawhill
300 _axiii, : 210 : p. : cm. ; 23
999 _c5478
_d5478